000 00554nam a2200181 i 4500
001 101150
003 ES-MaACL
005 20250829062540.0
007 t|
008 051013s1931 fr ||||1| fre d
100 1 _aMaurois, André,
_d1885-1967
_979267
245 1 0 _aTourgueniev /
_cAndré Maurois, [seud.] de Emile Herzog.
260 _aParis :
_b[s.n.],
_c1931 (
_fF. Paillart)
300 _a248 p. ;
_c19 cm.
600 1 7 _aTurguenev, Ivan Sergueevich,
_d1818-1883
_2
_9133416
852 _aES-MaACL
_jB-8702
999 _c101150
_d101150